| 000 | 01471nam a22003377a 4500 | ||
|---|---|---|---|
| 005 | 20140217151719.0 | ||
| 008 | 130516s2005 mx d grn 001 0 spa d | ||
| 020 | _a9682325994 | ||
| 020 | _a9789682325991 | ||
| 040 |
_aCO-BoUCM _bspa _cAngélica Rojas _dAldemar Mondragón |
||
| 041 | 0 | 0 | _aspa |
| 245 | 0 | 3 |
_aEl camino latinoamericano hacia la competitividad políticas públicas para el desarrollo productivo y tecnológico _cCarlos Bonvecchi ... [y otros] ; Mario Cimoli, Beatriz García, Celso Garrido, coordinadores |
| 250 | _a2a ed | ||
| 260 | 3 |
_aMéxico _bUniversidad Autónoma Metropolitana _bSiglo Veintiuno _c2008 |
|
| 300 |
_a354 páginas _bgráficas y tablas |
||
| 490 | 0 | _aEconomía y Demografía | |
| 504 | _aIncluye referencias bibliográficas e índices | ||
| 650 | 7 |
_aCompetencia económica _z América Latina _937618 |
|
| 650 | 7 |
_aDesarrollo económico _z América Latina _937622 |
|
| 650 | 7 |
_aPolítica industrial _z América Latina _937619 |
|
| 650 | 7 |
_aProductividad industrial _z América Latina. _937621 |
|
| 650 | 7 |
_aTecnología _z América Latina _937620 |
|
| 651 | 7 |
_aAmérica Latina _x Política económica _937623 |
|
| 690 | _aEconomía | ||
| 700 | 1 |
_aBonvecchi, Carlos _937624 |
|
| 700 | 1 |
_aCimoli, Mario _ecoordinador _937627 |
|
| 700 | 1 |
_aGarcía, Beatriz _ecoordinador _937626 |
|
| 700 | 1 |
_aGarrido, Celso _ecoordinador _937625 |
|
| 942 |
_2DEWEY _a7 _cLIBRORESER _e2 _h338.06098 _mC183 |
||
| 999 |
_c166556 _d166556 |
||